Trivia - Statistics

General Stats
  • This quiz has been taken 4 times
  • The average score is 11 of 50
Answer Stats
Hint Answer % Correct
What is Canada's official summer sport? Lacrosse
75%
Which U.S. state underwent an economic "miracle" in the 1980s? Massachusetts
75%
Which massif lies in the desert of central Niger? Aïr Mountains
50%
Which Chilean military dictator overthrew Salvador Allende's government? Augusto Pinochet
50%
What is the administrative center of Russia's only Autonomous Oblast? Birobidzhan
50%
In what country is the largest abandoned stadium in Europe located? Czechia
50%
What is the only football club located within the Arctic Circle to have ever competed in the UEFA Champions League? FK Bodø/Glimt
50%
Which European indigenous group traditionally practices reindeer herding? Sámi
50%
Hayracks are a national symbol of which country? Slovenia
50%
Bjorn Höcke was fined twice for using which slogan? Alles für Deutschland
25%
Name one of the four historical regions of the Basque Country located within modern-day Spain. Araba, Bizkaia, Gipuzkoa, Nafarroa
25%
What bird is known for primarily eating bone? Bearded vulture
25%
What is the name of a historically persecuted social class in Japan? Burakumin
25%
Which phylum includes sea stars and urchins? Echinodermata
25%
The Edict of Fontainebleau, issued by Louis XIV, revoked what? Edict of Nantes
25%
Injera is a staple food of which country? Ethiopia
25%
Which is the largest of the Pitcairn Islands? Henderson Island
25%
Which unassuming creatures are thought to be the closest living terrestrial relatives of elephants? Hyraxes
25%
Christmas Island (Kiritimati) in Kiribati is part of which island chain? Line Islands
25%
And which Presidential candidate attempted to take credit for it? Michael Dukakis
25%
Breton reunification refers to the reintroduction of which historically Breton major city into the administrative region of Brittany? Nantes
25%
Flores is the capital of which Guatemalan department? Petén
25%
Which is the smallest of the former Netherlands Antilles by both population and size? Saba
25%
The "Ibiza affair" caused the downfall of which European leader's coalition government? Sebastian Kurz
25%
Who was the only tennis player to win a calendar year singles "Golden Slam"? Steffi Graf
25%
What marshy, flooded ecosystem once dominated a large area of eastern England? The Fens
25%
Which creole language is spoken in Papua New Guinea? Tok Pisin
25%
Name at least one of the two Boer republics who fought in the Second Boer War. Transvaal, Orange Free State
25%
Which arboreal marsupials are only found in New Guinea and northern Queensland? Tree kangaroos
25%
Which Germanic people established a fifth-century kingdom in modern-day Tunisia? Vandals
25%
What is the name for a group of Australian marsupials larger than wallabies but smaller than kangaroos? Wallaroo
25%
Murres and razorbills are members of which family of birds? Alcidae
0%
What bright red bird from the Andes Mountains has a quadruple-barreled name? Andean cock-of-the-rock
0%
Which Swiss canton was the last to grant women the right to vote? Appenzell Innerrhoden
0%
What unique neighborhood in Bergen was built to serve as an outpost of the Hanseatic League? Bryggen
0%
The three natural amphitheaters of Reunion are known as what? Cirques
0%
The Aldabra Atoll is home to the greatest population of what large creatures in the world? Giant tortoises
0%
Which Southeast Asian kingdom was known as "the land of a million elephants"? Lan Xang
0%
The communal breeding behavior of sage-grouse is known as what? Lekking
0%
Which impact crater contains the town of Nördlingen, Bavaria? Nördlinger Ries
0%
Which empire centered in modern-day Michoacán successfully resisted Aztec attempts at conquest? Purépecha
0%
For which nation did Giuseppe Garibaldi fight his first war? Riograndense Republic
0%
Which city's two largest football clubs hold an annual regatta? Seville
0%
Which large empire in present-day Mali succeeded the Mali Empire? Songhai
0%
Mount Roraima on the tripoint border of Brazil, Venezuela, and Guyana is an example of what geological feature common in southern Venezuela? Tepui
0%
Which Catholic league, formed in 1579, opposed the Union of Utrecht? Union of Arras
0%
What is the largest permanent settlement on the Antarctican continent? Villa las Estrellas
0%
What boundary separates the Indomalayan and Australasian biogeographic realms? Wallace Line
0%
What indigenous group lives in Colombia's La Guajira Department? Wayuu
0%
Which American national park is almost entirely surrounded by a missile range? White Sands
0%
No matching quizzes found
Score Distribution
Percent of People with Each Score
Percentile by Number Answered
Your Score History
You have not taken this quiz